Fides quaerens intellectum id est proslogion, liber gaunilonis pro insipiente atque liber apologeticus contra gaunilonem

Guardat en:
Dades bibliogràfiques
Autor principal: San Anselmo (Autor)
Format: Llibre
Idioma:francès
Publicat: París J. Vrin 1967
Edició:4a. ed
Col·lecció:Bibliothèque des Textes Philosophiques
Matèries:
Etiquetes: Afegir etiqueta
Sense etiquetes, Sigues el primer a etiquetar aquest registre!

MARC

LEADER 00000nam a2200000 a 4500
001 UCZ3906
003 CL-VaPUC
008 951027e19670000FR |||||||||||||||||fre|d
082 0 4 |a 189.4  |b ANS  |2 21 
100 0 |a San Anselmo  |e author  |9 345661 
245 1 0 |a Fides quaerens intellectum id est proslogion, liber gaunilonis pro insipiente atque liber apologeticus contra gaunilonem 
250 |a 4a. ed 
300 |a 97 p 
942 |c BK 
945 |d 19951027 00:00:00  |a lriquelm 
260 |a París  |b J. Vrin  |c 1967 
650 0 |a Filosofía medieval  |9 256245 
650 0 |a Escolasticismo  |9 264998 
650 0 |a Creencia Religiosa  |9 316904 
650 0 |a Teología   |9 258766 
583 |a last modification  |c 19951027 00:00:00  |k Rodrigo Vera 
490 0 |a Bibliothèque des Textes Philosophiques 
999 |c 240349  |d 240347 
952 |0 0  |1 0  |4 0  |6 189_400000000000000_ANS_1967  |7 0  |8 P  |9 252188  |a BIBEDU  |b BIBEDU  |c BIBEDU_PB  |d 2019-11-18  |i 1591681  |o 189.4 ANS 1967  |p 1591681  |r 2024-01-25  |w 2019-11-18  |y BK  |k FIL